000 00577nam a2200181Ia 4500
003 GCL
008 140319s9999 xx 000 0 ara d
040 _aGCL /
_cGCL
082 0 4 _a748.2
_bج ر
100 1 _aجيهان على احمد
245 1 0 _aالرسم على الزجاج النوافذ والابواب /
_cجيهان على احمد
300 _a14 ص
490 _aالهيئة العامة للاستعلامات
_v0
650 0 4 _aالرسم بالالوان
650 0 4 _aالرسم على الزجاج
650 0 4 _aالرسم الفنى
942 _2ddc
_cBK
999 _c51992
_d51992